000 00753cam a2200241 4500
999 _c31882
_d31882
001 834279
003 ARRUPE
005 20170922113719.0
008 710324s1971 nyuab b 001 0 eng
010 _a 77126185
040 _aDLC
_cDLC
_dDLC
050 0 0 _aGF41
_b.B67
082 0 0 _a301.3/1
100 1 _aBoughey, Arthur S.
_936129
245 1 0 _aMan and the environment;
_ban introduction to human ecology and evolution
_c[by] Arthur S. Boughey.
260 _aNew York,
_bMacmillan
_c[1971]
300 _aviii, 472 p.
_billus., maps.
_c26 cm.
350 _a$6.95
504 _aIncludes bibliographies.
650 0 _aHuman ecology.
_916936
650 0 _aHuman evolution.
_936130
906 _a7
_bcbc
_corignew
_d2
_encip
_f19
_gy-gencatlg
942 _2lcc
_cMONOGRAPH